[Event "French; Winawer."]
[Site "SchemingMind.com"]
[Date "2008.11.23"]
[Round "-"]
[White "Globulon"]
[Black "lemmie"]
[Result "0-1"]
[WhiteCountry "USA"]
[BlackCountry "NED"]
[WhiteElo "1606"]
[WhiteRD "165"]
[BlackElo "1745"]
[BlackRD "51"]
[GameID "179635"]

1. e4 e6 2. d4 d5 3. Nc3 Bb4 4. Bd2 dxe4 5. Nxe4 Bxd2+ 6. Qxd2 Nf6 7. f3 Nc6 8. O-O-O Bd7 9. Bc4 O-O 10. Ne2 a6
11. h4 Nd5 12. Nf4 Nxf4 13. Qxf4 Ne7 14. g4 Ng6 15. Qg3 f5 16. gxf5 Rxf5 17. Qg4 Kh8 18. Ng3 Rf8 19. Bd3 e5 20. Bxg6 Bxg4
21. fxg4 hxg6 22. dxe5 Qe7 23. Rde1 Rad8 24. Re2 Rd5 25. Rhe1 Re8
0-1

[Event "French; Winawer."]
[Site "SchemingMind.com"]
[Date "2008.11.21"]
[Round "-"]
[White "lemmie"]
[Black "Globulon"]
[Result "1-0"]
[WhiteCountry "NED"]
[BlackCountry "USA"]
[WhiteElo "1745"]
[WhiteRD "51"]
[BlackElo "1606"]
[BlackRD "165"]
[GameID "179639"]

1. e4 e6 2. d4 d5 3. Nc3 Bb4 4. Ne2 c5 5. Bd2 cxd4 6. Nxd4 dxe4 7. Bb5+ Bd7 8. Nxe4 Be7 9. Bxd7+ Qxd7 10. Nf3 Nf6
11. Nxf6+ Bxf6 12. c3 Nc6 13. O-O O-O 14. Qc2 Ne5 15. Nxe5 Bxe5 16. Rad1 Rad8 17. Rfe1 Qc7 18. g3 f5 19. Bg5 Rxd1 20. Rxd1 h6
21. Be3 g5 22. Bd4 f4 23. Qg6+ Qg7 24. Qxe6+
1-0

[Event "French; Winawer."]
[Site "SchemingMind.com"]
[Date "2008.11.19"]
[Round "-"]
[White "aadaam"]
[Black "maro"]
[Result "1-0"]
[WhiteCountry "INT"]
[BlackCountry "MEX"]
[WhiteElo "1780"]
[WhiteRD "44"]
[BlackElo "1264"]
[BlackRD "52"]
[GameID "179739"]

1. e4 e6 2. d4 d5 3. Nc3 Bb4 4. e5 Nc6 5. Qg4 g6 6. a3 Be7 7. Be3 h6 8. Bd3 h5 9. Qe2 f6 10. Bxg6+ Kd7
11. O-O-O f5 12. Bxh5 Nh6 13. g4 fxg4 14. Bxg4 Qg8 15. Bh3 b6 16. Nxd5 Bh4 17. Nf3 Nf5 18. Nxh4 Nxh4 19. Nf6+ Ke7 20. Nxg8+ Rxg8
21. Qh5
1-0

[Event "French; Winawer."]
[Site "SchemingMind.com"]
[Date "2008.11.19"]
[Round "-"]
[White "maro"]
[Black "aadaam"]
[Result "0-1"]
[WhiteCountry "MEX"]
[BlackCountry "INT"]
[WhiteElo "1264"]
[WhiteRD "52"]
[BlackElo "1780"]
[BlackRD "44"]
[GameID "179743"]

1. e4 e6 2. d4 d5 3. Nc3 Bb4 4. Bd2 dxe4 5. Nxe4 Be7 6. Qf3 Qxd4 7. O-O-O Qa4 8. a3 Nf6 9. Re1 Nc6 10. Nc3 Qg4
11. Qf4 Bd6 12. Qa4 Qxa4 13. Nxa4 O-O 14. Nf3 Bd7 15. Bc4 a6 16. h3 b5 17. Bd3 bxa4 18. g4 Ne7 19. g5 Nfd5 20. Rhg1 Nf4
21. Re3 Nxh3 22. Rg4 Nxf2 23. Rxa4 Nxd3+ 24. Rxd3 Bxa4 25. Nd4 Rfd8 26. Nf3 Bb5 27. Rc3 Nd5
0-1

[Event "French; Winawer."]
[Site "SchemingMind.com"]
[Date "2008.12.01"]
[Round "-"]
[White "firsttech"]
[Black "Kobiahshi"]
[Result "1/2-1/2"]
[WhiteCountry "USA"]
[BlackCountry "USA"]
[WhiteElo "1963"]
[WhiteRD "79"]
[BlackElo "1656"]
[BlackRD "86"]
[GameID "180597"]

1. e4 e6 2. d4 d5 3. Nc3 Bb4 4. e5 c5 5. a3 Bxc3+ 6. bxc3 Ne7 7. Qg4 O-O 8. Bd3 Nbc6 9. Qh5 Ng6 10. Nf3 Qc7
11. Be3 c4 12. Bxg6 fxg6 13. Qh4 Bd7 14. O-O Qd8 15. Ng5 h6 16. Nf3 Qxh4 17. Nxh4 Kh7 18. f4 Ne7 19. g4 b5 20. Rab1 a6
21. h3 Rab8 22. Kg2=
1/2-1/2

[Event "French; Winawer."]
[Site "SchemingMind.com"]
[Date "2008.12.01"]
[Round "-"]
[White "Kobiahshi"]
[Black "firsttech"]
[Result "0-1"]
[WhiteCountry "USA"]
[BlackCountry "USA"]
[WhiteElo "1579"]
[WhiteRD "76"]
[BlackElo "1998"]
[BlackRD "81"]
[GameID "180598"]

1. e4 e6 2. d4 d5 3. Nc3 Bb4 4. e5 c5 5. a3 Bxc3+ 6. bxc3 Ne7 7. Nf3 Qa5 8. Bd2 Nbc6 9. c4 Qa4 10. Bd3 dxc4
11. Be2 cxd4 12. Qc1 Ng6 13. c3 d3 14. Bd1 Qa5 15. O-O Ncxe5 16. Ng5 O-O 17. Bh5 Bd7 18. Nf3 Bc6 19. Qd1 Nxf3+ 20. Bxf3 Bxf3
21. Qxf3 b5 22. Qe4 Rac8 23. Rfe1 Rc5 24. Qg4 Rd8 25. Rec1 h6 26. Qe4 Re5 27. Qg4 Re2 28. Be1 Ne5 29. Qf4 d2 30. h3 dxc1=Q
31. Qxc1 Nd3 32. Qb1 Rxe1+ 33. Qxe1 Nxe1 34. Rxe1 Qxc3
0-1

[Event "French; Winawer."]
[Site "SchemingMind.com"]
[Date "2008.12.06"]
[Round "-"]
[White "Theodoric"]
[Black "dadshane2000"]
[Result "1/2-1/2"]
[WhiteCountry "ENG"]
[BlackCountry "USA"]
[WhiteElo "2071"]
[WhiteRD "73"]
[BlackElo "1900"]
[BlackRD "77"]
[GameID "181373"]

1. e4 e6 2. d4 d5 3. Nc3 Bb4 4. e5 Ne7 5. Bd2 c5 6. a3 Bxc3 7. Bxc3 Nbc6 8. Nf3 cxd4 9. Nxd4 Nxe5 10. Nxe6 Bxe6
11. Bxe5 O-O 12. Bd3 Nc6 13. Bg3 Qf6 14. O-O Qxb2 15. Qf3 Ne5 16. Bxh7+ Kxh7 17. Qh5+ Kg8 18. Bxe5 Qxc2 19. Rfe1 Qf5 20. Qh4 Rfe8
21. Bd4 Qg4=
1/2-1/2

[Event "French; Winawer."]
[Site "SchemingMind.com"]
[Date "2008.12.06"]
[Round "-"]
[White "dadshane2000"]
[Black "Theodoric"]
[Result "0-1"]
[WhiteCountry "USA"]
[BlackCountry "ENG"]
[WhiteElo "1936"]
[WhiteRD "80"]
[BlackElo "2020"]
[BlackRD "70"]
[GameID "181380"]

1. e4 e6 2. d4 d5 3. Nc3 Bb4 4. e5 c5 5. a3 Bxc3+ 6. bxc3 Ne7 7. Qg4 O-O 8. Bd3 c4 9. Bh6 Ng6 10. Bxg6 fxg6
11. Be3 Nc6 12. h4 Qb6 13. Bc1 Nxe5 14. Qg3 Nf7 15. h5 gxh5 16. Rxh5 Qa5 17. Bh6 Nxh6 18. Rxh6 Kh8 19. Rh4 e5 20. dxe5 Be6
21. Ne2 Bf5 22. Nd4 Kg8 23. Kd2 Bg6 24. e6 Rf6 25. f4 Re8 26. Qf2 Bf5 27. Nxf5 Rxf5 28. g4 d4 29. Qg3 dxc3+ 30. Kc1 Qb6
31. Qxc3 Rxf4 32. Rb1 Rf1+
0-1

[Event "French; Winawer."]
[Site "SchemingMind.com"]
[Date "2008.12.03"]
[Round "-"]
[White "lame wolf"]
[Black "mikhailtal"]
[Result "0-1"]
[WhiteCountry "INT"]
[BlackCountry "ENG"]
[WhiteElo "995"]
[WhiteRD "52"]
[BlackElo "1863"]
[BlackRD "70"]
[GameID "181785"]

1. e4 e6 2. d4 d5 3. Nc3 Bb4 4. Bd2 Bxc3 5. Bxc3 dxe4 6. Ne2 f5 7. Ng1 Nf6 8. f3 O-O 9. d5 exd5 10. Bxf6 Rxf6
11. Qd4 Nc6 12. Qd2 Ne5 13. Bb5 c6 14. f4 e3 15. Qd3 Nxd3+ 16. Ke2 Nxf4+ 17. Kf3 Qd6 18. Ne2 g5 19. Bd3 g4+
0-1

[Event "French; Winawer."]
[Site "SchemingMind.com"]
[Date "2008.12.04"]
[Round "-"]
[White "David Hartley"]
[Black "classicalfiddler"]
[Result "1-0"]
[WhiteCountry "ENG"]
[BlackCountry "USA"]
[WhiteElo "1893"]
[WhiteRD "70"]
[BlackElo "1483"]
[BlackRD "73"]
[GameID "181786"]

1. e4 e6 2. d4 d5 3. Nc3 Bb4 4. e5 Ne7 5. a3 Ba5 6. b4 Bb6 7. Na4 c6 8. Nxb6 Qxb6 9. c3 O-O 10. Bd3 Qd8
11. Nf3 Nd7 12. O-O f6 13. Re1 b5 14. Nh4 Ba6 15. f4 Nc8 16. Qh5 h6 17. Re3 Qe8 18. Bg6 Qe7 19. Rg3 f5 20. Nxf5 exf5
21. Bxf5 Qf7 22. Qxh6 Ncb6 23. Qh7#
1-0

[Event "French; Winawer."]
[Site "SchemingMind.com"]
[Date "2008.12.04"]
[Round "-"]
[White "mikhailtal"]
[Black "lame wolf"]
[Result "1-0"]
[WhiteCountry "ENG"]
[BlackCountry "INT"]
[WhiteElo "1863"]
[WhiteRD "70"]
[BlackElo "995"]
[BlackRD "52"]
[GameID "181797"]

1. e4 e6 2. d4 d5 3. Nc3 Bb4 4. e5 f6 5. Nf3 f5 6. a3 Bxc3+ 7. bxc3 b6 8. Ng5 h6 9. Qh5+ Kd7 10. Nf7 Qe8
11. Be2 g6 12. Qxg6 Qxf7 13. Qxf7+ Ne7 14. a4 Kc6 15. Qxe7 Rh7 16. Bb5+
1-0

[Event "French; Winawer."]
[Site "SchemingMind.com"]
[Date "2008.12.04"]
[Round "-"]
[White "classicalfiddler"]
[Black "David Hartley"]
[Result "0-1"]
[WhiteCountry "USA"]
[BlackCountry "ENG"]
[WhiteElo "1483"]
[WhiteRD "73"]
[BlackElo "1893"]
[BlackRD "70"]
[GameID "181798"]

1. e4 e6 2. d4 d5 3. Nc3 Bb4 4. Bd2 dxe4 5. Qg4 Nf6 6. Qg3 Nc6 7. Nge2 Rg8 8. O-O-O Qd6 9. Qxd6 Bxd6 10. Kb1 Bd7
11. g3 O-O-O 12. Bg2 e5 13. Be3 exd4 14. Nxd4 Rge8 15. Nf5 Bxf5 16. Rhe1 Bg4 17. Ne2 Bb4 18. Rxd8+ Rxd8 19. Nc3 Bxc3 20. bxc3 Rd1+
21. Rxd1 Bxd1 22. h3 Bf3 23. Bf1 a6 24. Bc4 Ne5 25. Bb3 Nfd7 26. Bd4 c5 27. Be3 c4
0-1

[Event "French; Winawer."]
[Site "SchemingMind.com"]
[Date "2008.12.05"]
[Round "-"]
[White "z"]
[Black "tyler199"]
[Result "1-0"]
[WhiteCountry "IRQ"]
[BlackCountry "CAN"]
[WhiteElo "1833"]
[WhiteRD "62"]
[BlackElo "1701"]
[BlackRD "54"]
[GameID "181916"]

1. e4 e6 2. d4 d5 3. Nc3 Bb4 4. e5 Ne7 5. Ne2 c5 6. a3 Bxc3+ 7. bxc3 Nbc6 8. Qd2 Qb6 9. g4 h5 10. f3 hxg4
11. fxg4 Bd7 12. h4 O-O-O 13. a4 cxd4= 14. cxd4 Ng6 15. h5 Kb8 16. Bg2 Nge7 17. Ba3 Rde8 18. Rh3 Na5 19. Bc5
1-0

[Event "French; Winawer."]
[Site "SchemingMind.com"]
[Date "2008.12.05"]
[Round "-"]
[White "tyler199"]
[Black "z"]
[Result "0-1"]
[WhiteCountry "CAN"]
[BlackCountry "IRQ"]
[WhiteElo "1701"]
[WhiteRD "54"]
[BlackElo "1833"]
[BlackRD "62"]
[GameID "181926"]

1. e4 e6 2. d4 d5 3. Nc3 Bb4 4. e5 c5 5. a3 Bxc3+ 6. bxc3 Nc6 7. Qg4 Nge7 8. Nf3 Qc7 9. Qxg7 Rg8 10. Qxh7 cxd4
11. cxd4 Nxd4 12. Nxd4 Qc3+
0-1

[Event "French; Winawer."]
[Site "SchemingMind.com"]
[Date "2008.12.14"]
[Round "-"]
[White "mikhailtal"]
[Black "Dr_Pat"]
[Result "0-1"]
[WhiteCountry "ENG"]
[BlackCountry "USA"]
[WhiteElo "1845"]
[WhiteRD "67"]
[BlackElo "2106"]
[BlackRD "52"]
[GameID "183147"]

1. e4 e6 2. d4 d5 3. Nc3 Bb4 4. e5 c5 5. a3 Bxc3+ 6. bxc3 Ne7 7. Qg4 O-O 8. Bd3 Qa5 9. Bd2 Qa4 10. Nf3 c4
11. Bxh7+ Kxh7 12. Qh4+ Kg8 13. Qxe7 Nc6 14. Qg5 Qxc2 15. h4 Qe4+ 16. Be3 f6 17. exf6 Rxf6 18. h5 Qh7 19. Rh4 Rf5 20. Qg6 Qxg6
21. hxg6 Rf6 22. Kd2 Rxg6 23. Rah1 Kf7 24. Bg5 Bd7 25. Rh5 e5 26. Nh4 Re6 27. dxe5 Nxe5 28. Be3 Rae8 29. Nf5 b6 30. Rh7 Rg6
31. Nh4 Rf6 32. Bd4 Rh6 33. Rxh6 gxh6 34. f3 Nc6 35. Be3 h5 36. g3 Na5 37. Bg5 Nb3+ 38. Kd1 d4 39. cxd4 Nxd4 40. Kd2 Ne2
41. f4 c3+ 42. Kd3 Bb5+ 43. Kc2 Re3 44. Nf5 Bd3+
0-1

[Event "French; Winawer."]
[Site "SchemingMind.com"]
[Date "2008.12.12"]
[Round "-"]
[White "Dr_Pat"]
[Black "mikhailtal"]
[Result "1-0"]
[WhiteCountry "USA"]
[BlackCountry "ENG"]
[WhiteElo "2043"]
[WhiteRD "53"]
[BlackElo "1863"]
[BlackRD "70"]
[GameID "183157"]

1. e4 e6 2. d4 d5 3. Nc3 Bb4 4. e5 c5 5. a3 Ba5 6. Nf3 Nc6 7. Bb5 Bd7 8. Bxc6 Bxc3+ 9. bxc3 Bxc6 10. dxc5 Ba4
11. Rb1 Qd7 12. O-O Ne7 13. Bg5 Nc6 14. Qd3 Na5 15. Nd2 h6 16. Be3 Qc6 17. Rfc1 O-O 18. Qd4 Rfb8 19. Qg4 Kh7 20. Rb4 Bb5
21. Qf3 Kg8 22. Rg4 Kf8 23. Qg3 g5 24. Qh3 Kg7 25. Rxg5+ hxg5 26. Bxg5 Rh8 27. Bf6+ Kg6 28. Qg4+
1-0

[Event "French; Winawer."]
[Site "SchemingMind.com"]
[Date "2009.01.08"]
[Round "-"]
[White "David Hartley"]
[Black "z"]
[Result "0-1"]
[WhiteCountry "ENG"]
[BlackCountry "IRQ"]
[WhiteElo "1889"]
[WhiteRD "67"]
[BlackElo "1882"]
[BlackRD "70"]
[GameID "186768"]

1. e4 e6 2. d4 d5 3. Nc3 Bb4 4. e5 c5 5. a3 Bxc3+ 6. bxc3 Nc6 7. Qg4 Nge7 8. Qxg7 Rg8 9. Qxh7 cxd4 10. Qd3 Qc7
11. cxd4 Nxe5 12. Qd1 Qc3+ 13. Bd2 Qxd4 14. Be3 Qc3+ 15. Bd2 Qc7 16. g3 Bd7 17. Be2 Ba4 18. Ra2 Rc8 19. Bf4 N7g6 20. Bxe5 Nxe5
21. Kd2 Qa5+ 22. Kc1 Bb3 23. Rb2 Qxa3 24. Kb1 Bc4 25. f4 Nd7 26. Nf3 Nb6 27. Bxc4 dxc4 28. Ne5 Nd5 29. Qh5 Nc3+ 30. Kc1 Rf8
31. Re1 Ke7 32. Qf3 Qa1+ 33. Kd2 Qxb2 34. f5 Rcd8+ 35. Ke3 Nd5+ 36. Kf2 Qxc2+ 37. Re2 Qxf5 38. Qxf5 exf5 39. Nc6+ Kd6 40. Nxd8 Rxd8
41. h4 b5 42. Re1 Kc5 43. Re5 Kd4
0-1

[Event "French; Winawer."]
[Site "SchemingMind.com"]
[Date "2009.01.07"]
[Round "-"]
[White "z"]
[Black "David Hartley"]
[Result "0-1"]
[WhiteCountry "IRQ"]
[BlackCountry "ENG"]
[WhiteElo "1882"]
[WhiteRD "70"]
[BlackElo "1889"]
[BlackRD "67"]
[GameID "186774"]

1. e4 e6 2. d4 d5 3. Nc3 Bb4 4. e5 c5 5. a3 Bxc3+ 6. bxc3 Ne7 7. Qg4 O-O 8. Nf3 Nbc6 9. Bd3 f5 10. exf6 Rxf6
11. dxc5 g6 12. Bg5 Rf7 13. Bf4 e5 14. Qg5 exf4 15. h4 Bf5 16. h5 Be4 17. Nh4 Rg7 18. Kd2 Nf5 19. Qg4 Nxh4 20. Rxh4 Ne5
21. Qh3 Nxd3 22. cxd3 Bf5 23. Qh2 g5 24. h6 Rg6 25. Rh3 Bxh3 26. Qxh3 Qf8 27. d4 Rxh6 28. Qd7 Qf7 29. Qg4 Rg6 30. Rb1 Re8
31. Rb4 Qe7 32. c4 Qe1+ 33. Kd3 dxc4+ 34. Kxc4 Rg7 35. Qf3 Qe2+ 36. Qxe2 Rxe2 37. d5 Rd7 38. c6 bxc6 39. dxc6 Rc2+ 40. Kb5 Rc7
41. Ra4 R2xc6 42. Rxa7 Rxa7
0-1

[Event "French; Winawer."]
[Site "SchemingMind.com"]
[Date "2009.01.14"]
[Round "-"]
[White "lemmie"]
[Black "aadaam"]
[Result "1-0"]
[WhiteCountry "NED"]
[BlackCountry "INT"]
[WhiteElo "1745"]
[WhiteRD "51"]
[BlackElo "1768"]
[BlackRD "44"]
[GameID "187665"]

1. e4 e6 2. Nf3 d5 3. exd5 exd5 4. d4 Bd6 5. Nc3 c6 6. Qe2+ Ne7 7. Bg5 f6 8. Bh4 O-O 9. h3 Re8 10. O-O-O Ng6
11. Qd3 Nxh4 12. Nxh4 b5 13. a3 a5 14. Be2 b4 15. Bh5 g6 16. Bxg6 hxg6 17. Qxg6+ Kf8 18. Qh7 Re7 19. Ng6+ Ke8 20. Rhe1 bxc3
21. bxc3 Bxa3+ 22. Kd2 Kd7 23. Nxe7 Bxe7 24. Re3 Kd6 25. Rde1 a4 26. Rxe7
1-0

[Event "French; Winawer."]
[Site "SchemingMind.com"]
[Date "2009.01.14"]
[Round "-"]
[White "aadaam"]
[Black "lemmie"]
[Result "0-1"]
[WhiteCountry "INT"]
[BlackCountry "NED"]
[WhiteElo "1768"]
[WhiteRD "44"]
[BlackElo "1745"]
[BlackRD "51"]
[GameID "187672"]

1. e4 e5 2. Nf3 Nc6 3. Nc3 Bc5 4. Nxe5 Nxe5 5. d4 Bd6 6. dxe5 Bxe5 7. Bd2 Nf6 8. Bd3 d6 9. O-O O-O 10. Qe1 Be6
11. f4 Bd4+ 12. Be3 Bxe3+ 13. Qxe3 h6 14. Rf3 c6 15. h3 a6 16. Raf1 Re8 17. g4 Nh7 18. e5 dxe5 19. Bxh7+ Kxh7 20. f5 Bd5
21. Nxd5 Qxd5 22. f6 g6 23. g5 e4 24. Rg3 h5 25. Qb6 e3 26. Qxb7 e2 27. Re1 Rab8 28. Qxa6 Qd1 29. Kf2 Qd4+ 30. Kg2 Qe4+
31. Kf2 Rbd8 32. Rxe2 Qf4+ 33. Kg2 Rxe2+ 34. Qxe2 Rd2 35. Qxd2 Qxd2+ 36. Kf3 Qxc2 37. Rg2 Qd3+ 38. Kf2 Qxh3 39. a3 Qd3 40. Kg1 c5
41. Kh2 c4 42. Rg3 Qd6 43. Kh3 Qf4 44. Rg2 Qf5+ 45. Kh2 Qe5+ 46. Kh3 c3 47. bxc3 Qxc3+ 48. Rg3 Qc4 49. Kg2 Kg8 50. Kf2 Kf8
0-1

[Event "French; Winawer."]
[Site "SchemingMind.com"]
[Date "2009.03.09"]
[Round "-"]
[White "firsttech"]
[Black "Theodoric"]
[Result "1-0"]
[WhiteCountry "USA"]
[BlackCountry "ENG"]
[WhiteElo "2065"]
[WhiteRD "87"]
[BlackElo "1982"]
[BlackRD "73"]
[GameID "194992"]

1. e4 e6 2. d4 d5 3. Nc3 Bb4 4. e5 c5 5. a3 Bxc3+ 6. bxc3 cxd4 7. cxd4 Ne7 8. Nf3 Qc7 9. Bd3 b6 10. O-O Ba6
11. Bxa6 Nxa6 12. Qd3 Nb8 13. Bg5 Nf5 14. Rfc1 h6 15. Bd2 Qc4 16. Qxc4 dxc4 17. Bb4 Nc6 18. c3 a5 19. Bd6 Nxd6 20. exd6 Kd7
21. Ne5+ Nxe5 22. dxe5 f6 23. f4 fxe5 24. fxe5 Raf8 25. Rf1 Rf5 26. Rxf5 exf5 27. Rb1 Re8 28. Rb5 g6 29. a4 f4 30. Kf2 g5
31. Kf3 Ke6 32. Ke4 Rb8 33. Kd4 h5 34. Kxc4 g4 35. Kd4 h4 36. Ke4 f3 37. gxf3 g3 38. hxg3 hxg3 39. f4 g2 40. Rb1 Rg8
41. Rg1
1-0

[Event "French; Winawer."]
[Site "SchemingMind.com"]
[Date "2009.03.09"]
[Round "-"]
[White "Theodoric"]
[Black "firsttech"]
[Result "0-1"]
[WhiteCountry "ENG"]
[BlackCountry "USA"]
[WhiteElo "1993"]
[WhiteRD "70"]
[BlackElo "2039"]
[BlackRD "85"]
[GameID "194998"]

1. e4 e6 2. d4 d5 3. Nc3 Bb4 4. a3 Bxc3+ 5. bxc3 dxe4 6. Qg4 Nf6 7. Qxg7 Rg8 8. Qh6 c5 9. Ne2 Nc6 10. dxc5 Rg6
11. Qd2 Qa5 12. Nf4 Rg5 13. Ne2 Rxc5 14. Qh6 Rf5 15. Be3 Bd7 16. Qg7 O-O-O 17. Qxf7 Nd5 18. Qg7 Nxe3 19. fxe3 Qc5 20. Rd1 Qxe3
21. Qg3 Qc5 22. a4 Rdf8 23. h3 Ne5 24. Nd4 Nf3+ 25. gxf3 Qxc3+ 26. Rd2 e3 27. Nb3 exd2+ 28. Nxd2 Rxf3 29. Qg1 Rxf1+
0-1

[Event "French; Winawer."]
[Site "SchemingMind.com"]
[Date "2009.04.02"]
[Round "-"]
[White "Dr_Pat"]
[Black "David Hartley"]
[Result "1-0"]
[WhiteCountry "USA"]
[BlackCountry "ENG"]
[WhiteElo "2133"]
[WhiteRD "55"]
[BlackElo "1870"]
[BlackRD "69"]
[GameID "198676"]

1. e4 e6 2. d4 d5 3. Nc3 Bb4 4. e5 c5 5. a3 Bxc3+ 6. bxc3 Ne7 7. Nf3 Bd7 8. dxc5 Qc7 9. Bd3 Ng6 10. O-O Nxe5
11. Bf4 Nxf3+ 12. Qxf3 Qxc5 13. Qg3 g6 14. Bxb8
1-0

[Event "French; Winawer."]
[Site "SchemingMind.com"]
[Date "2009.04.02"]
[Round "-"]
[White "David Hartley"]
[Black "Dr_Pat"]
[Result "0-1"]
[WhiteCountry "ENG"]
[BlackCountry "USA"]
[WhiteElo "1873"]
[WhiteRD "68"]
[BlackElo "2166"]
[BlackRD "59"]
[GameID "198681"]

1. e4 e6 2. d4 d5 3. Nc3 Bb4 4. e5 c5 5. a3 Bxc3+ 6. bxc3 Ne7 7. Qg4 O-O 8. Nf3 Qa5 9. Bd2 Nbc6 10. Bd3 Ng6
11. c4 Qa4 12. dxc5 Ncxe5 13. Nxe5 Nxe5 14. Qg3 Nxd3+ 15. cxd3 dxc4 16. Bh6 Qa5+ 17. Ke2 Qc3 18. Rad1 Rd8 19. Rhe1 Rxd3 20. f3 Kh8
0-1

[Event "French; Winawer."]
[Site "SchemingMind.com"]
[Date "2009.05.15"]
[Round "-"]
[White "firsttech"]
[Black "lemmie"]
[Result "1-0"]
[WhiteCountry "USA"]
[BlackCountry "NED"]
[WhiteElo "2104"]
[WhiteRD "86"]
[BlackElo "1673"]
[BlackRD "53"]
[GameID "204646"]

1. e4 e6 2. d4 d5 3. Nc3 Bb4 4. e5 Ne7 5. a3 Bxc3+ 6. bxc3 h6 7. Nf3 Nf5 8. Bd3 f6 9. O-O Nc6 10. Bxf5 exf5
11. exf6 Qxf6 12. Re1+ Ne7 13. Qe2 Kd8 14. Ne5 Re8 15. c4 c6 16. cxd5 cxd5 17. Bd2 Bd7 18. Rab1 Kc7 19. Nxd7 Kxd7 20. Rxb7+ Kd6
21. Bb4+ Kc6 22. Qb5#
1-0

[Event "French; Winawer."]
[Site "SchemingMind.com"]
[Date "2009.05.14"]
[Round "-"]
[White "lemmie"]
[Black "firsttech"]
[Result "0-1"]
[WhiteCountry "NED"]
[BlackCountry "USA"]
[WhiteElo "1673"]
[WhiteRD "53"]
[BlackElo "2104"]
[BlackRD "86"]
[GameID "204654"]

1. e4 e6 2. d4 d5 3. Nc3 Bb4 4. e5 c5 5. a3 Bxc3+ 6. bxc3 Ne7 7. Qg4 O-O 8. h4 f5 9. Qg3 Nbc6 10. Ne2 Qa5
11. Bd2 Qa4 12. h5 Qxc2 13. Nf4 cxd4 14. Bd3 Qa4 15. Nh3 dxc3 16. Bxc3 Qg4 17. Qxg4 fxg4 18. Ng1 d4 19. Bb2 Nxe5 20. Bb1 N5c6
21. Ne2 e5 22. O-O Be6 23. Ng3 Nd5 24. Ba2 Rae8 25. Ne4 Nf4 26. Nd6 Bxa2 27. Nxe8 Bc4 28. Nd6 Bxf1 29. Kxf1 Nd3 30. Bc1 Rxf2+
31. Kg1 h6 32. Nxb7 Rc2 33. Nd6 Nxc1
0-1

[Event "French; Winawer."]
[Site "SchemingMind.com"]
[Date "2009.06.28"]
[Round "-"]
[White "firsttech"]
[Black "Dr_Pat"]
[Result "1-0"]
[WhiteCountry "USA"]
[BlackCountry "USA"]
[WhiteElo "2147"]
[WhiteRD "85"]
[BlackElo "2099"]
[BlackRD "56"]
[GameID "210268"]

1. e4 e6 2. d4 d5 3. Nc3 Bb4 4. e5 Ne7 5. a3 Bxc3+ 6. bxc3 a5 7. Nf3 O-O 8. Bd3 h6 9. O-O b6 10. c4 dxc4
11. Bxc4 Ba6 12. Bxa6 Nxa6 13. Rb1 Qd7 14. Re1 Rfd8 15. c3 Qc6 16. Qd3
1-0

[Event "French; Winawer."]
[Site "SchemingMind.com"]
[Date "2009.06.28"]
[Round "-"]
[White "Dr_Pat"]
[Black "firsttech"]
[Result "0-1"]
[WhiteCountry "USA"]
[BlackCountry "USA"]
[WhiteElo "2099"]
[WhiteRD "56"]
[BlackElo "2147"]
[BlackRD "85"]
[GameID "210275"]

1. e4 e6 2. d4 d5 3. Nc3 Bb4 4. e5 c5 5. a3 Bxc3+ 6. bxc3 Ne7 7. Bb2 O-O 8. Nf3 b6 9. a4 Nbc6 10. Ba3 f6
11. exf6 Rxf6 12. Bb5 c4 13. Bxc6 Nxc6 14. O-O h6 15. Re1 Qc7
0-1